000 00788nam a22002777a 4500
001 BR9100898
003 BR-BrBNA
005 20230928093531.0
007 ta
008 230509b bl.||||| |||| 00| 0 por d
040 _aBR-BrBNA
_bpor
_cBiblioteca Nacional de Agricultura
041 _a(Por)
072 _aF01; F04
_b1930
090 _ 1930 BR9100898
110 1 _aCentro Nacional de Pesquisa de Gado de Leite, Coronel Pacheco, MG (Brasil)
_91775
245 1 _aPastagens e capineiras - algumas consideracoes e recomendacoes
260 3 _aCoronel Pacheco, MG (Brasil):
_c1982.
300 _a39 p.
650 _aPASTAGEM
650 _aCAPIM ELEFANTE
650 _aCAPINEIRA
650 _aMANEJO
650 _aADUBACAO
909 _a202309
_bLucia
_c55
_dLucia Elande
942 _cBK
999 _c45544
_d45544